| 000 | 00389nam a22001457a 4500 | ||
|---|---|---|---|
| 020 | _qPB. | ||
| 040 | _cFIZZA ISHAQ | ||
| 082 |
_a620.112 _bPOP |
||
| 100 |
_a POPOV, EGOR P. _9133560 |
||
| 245 |
_aEngineering Mechanics of Solids / _cEGOR P. POPOV. |
||
| 250 | _a2ND ED. | ||
| 260 |
_aNew Delhi: _bPearson India, _c2015. |
||
| 300 |
_a864 P. ; _c 7.99 x 10 x 1.85 inches |
||
| 942 |
_2ddc _cBK |
||
| 999 |
_c616491 _d616491 |
||